[Event "Ferrol op 31th"]
[Site "Ferrol"]
[Date "2016.07.22"]
[Round "5"]
[White "Gomez Dieguez, David"]
[Black "Pousada Garcia, Sergio"]
[Result "1-0"]
[WhiteElo "2186"]
[BlackElo "1274"]
[PlyCount "27"]
[EventDate "2016.07.18"]
[EventType "swiss"]
[EventRounds "9"]
[EventCountry "ESP"]
[SourceTitle "EXT 2024"]
[Source "ChessBase"]
[SourceDate "2023.10.10"]
[SourceVersion "1"]
[SourceVersionDate "2023.10.10"]
[SourceQuality "1"]

1. e4 e5 2. Nc3 Nc6 3. Bc4 Bc5 4. Qg4 g6 5. Qf3 Qf6 6. Nd5 Qxf3 7. Nxf3 Bb6 8. Ng5 Nh6 9. d3 Rf8 10. Nxh7 Rh8 11. Bxh6 Rxh7 12. Nf6+ Ke7 13. Nxh7 Nb4 14. Bf8+ 1-0